Personality development and deviation; (Record no. 678)
[ view plain ]
| 000 -LEADER | |
|---|---|
| fixed length control field | 00965cam a2200313 4500 |
| 005 - DATE AND TIME OF LATEST TRANSACTION | |
| control field | 20260322212029.0 |
| 008 - FIXED-LENGTH DATA ELEMENTS--GENERAL INFORMATION | |
| fixed length control field | data |
| 010 ## - LIBRARY OF CONGRESS CONTROL NUMBER | |
| LC control number | 73089439 |
| 020 ## - INTERNATIONAL STANDARD BOOK NUMBER | |
| International Standard Book Number | 0823640701 |
| 020 ## - INTERNATIONAL STANDARD BOOK NUMBER | |
| International Standard Book Number | 9780823640706 |
| 040 ## - CATALOGING SOURCE | |
| Original cataloging agency | DLC |
| Transcribing agency | DLC |
| Modifying agency | YUS |
| -- | YUS |
| 049 ## - LOCAL HOLDINGS (OCLC) | |
| Holding library | YU31 |
| 050 0# - LIBRARY OF CONGRESS CALL NUMBER | |
| Classification number | BF713 |
| Item number | .W53 |
| 096 ## - LOCALLY ASSIGNED NLM-TYPE CALL NUMBER (OCLC) | |
| Classification number | WM 100 P468 1975 |
| 001 - CONTROL NUMBER | |
| control field | data |
| 100 1# - MAIN ENTRY--PERSONAL NAME | |
| Personal name | Wiedeman, George H. |
| 245 10 - TITLE STATEMENT | |
| Title | Personality development and deviation; |
| Remainder of title | a textbook for social work. |
| Statement of responsibility, etc. | George H. Wiedeman, editor; Sumner Matison, associate editor. |
| 260 ## - PUBLICATION, DISTRIBUTION, ETC. | |
| Place of publication, distribution, etc. | New York, |
| Name of publisher, distributor, etc. | International Universities Press |
| Date of publication, distribution, etc. | [1975] |
| 300 ## - PHYSICAL DESCRIPTION | |
| Extent | xvi, 523 p. |
| Dimensions | 24 cm. |
| 504 ## - BIBLIOGRAPHY, ETC. NOTE | |
| Bibliography, etc. note | Includes bibliographies. |
| 590 ## - LOCAL NOTE (RLIN) | |
| Local note | Includes bibliographies and indexes. |
| 650 #0 - SUBJECT ADDED ENTRY--TOPICAL TERM | |
| Topical term or geographic name entry element | Developmental psychology. |
| 650 #0 - SUBJECT ADDED ENTRY--TOPICAL TERM | |
| Topical term or geographic name entry element | Personality. |
| 650 #0 - SUBJECT ADDED ENTRY--TOPICAL TERM | |
| Topical term or geographic name entry element | Psychology, Pathological. |
| 650 #2 - SUBJECT ADDED ENTRY--TOPICAL TERM | |
| Topical term or geographic name entry element | Personality Development. |
| 650 #2 - SUBJECT ADDED ENTRY--TOPICAL TERM | |
| Topical term or geographic name entry element | Personality Disorders. |
| 650 #2 - SUBJECT ADDED ENTRY--TOPICAL TERM | |
| Topical term or geographic name entry element | Social Work, Psychiatric. |
| 700 1# - ADDED ENTRY--PERSONAL NAME | |
| Personal name | Matison, Sumner. |
| Withdrawn status | Lost status | Damaged status | Not for loan | Home library | Current library | Shelving location | Date acquired | Total checkouts | Full call number | Barcode | Date last seen | Price effective from | Koha item type |
|---|---|---|---|---|---|---|---|---|---|---|---|---|---|
| Centerville | Centerville | General stacks | 22/03/2026 | BF713 .W53 | BC0010695 | 22/03/2026 | 22/03/2026 | Books |